Recommendations on the transport of dangerous goods : (Record no. 8070)

MARC details
000 -LEADER
fixed length control field 00959nam a2200277 a 4500
001 - CONTROL NUMBER
control field 4858926
005 - DATE AND TIME OF LATEST TRANSACTION
control field 20250625080354.0
008 - FIXED-LENGTH DATA ELEMENTS--GENERAL INFORMATION
fixed length control field 910604s1990 nyua i000 0 eng
010 ## - LIBRARY OF CONGRESS CONTROL NUMBER
LC control number 91158642
020 ## - INTERNATIONAL STANDARD BOOK NUMBER
International Standard Book Number 9211390354
040 ## - CATALOGING SOURCE
Original cataloging agency DLC
Transcribing agency BSULIB
050 00 - LIBRARY OF CONGRESS CALL NUMBER
Classification number T55.3.H3
Item number U485 1990
082 00 - DEWEY DECIMAL CLASSIFICATION NUMBER
Classification number 388
Edition number 20
Item number TRA
110 2# - MAIN ENTRY--CORPORATE NAME
Corporate name or jurisdiction name as entry element United Nations.
9 (RLIN) 13014
245 10 - TITLE STATEMENT
Title Recommendations on the transport of dangerous goods :
250 ## - EDITION STATEMENT
Edition statement 7th rev. ed.
260 ## - PUBLICATION, DISTRIBUTION, ETC. (IMPRINT)
Place of publication, distribution, etc New York :
Name of publisher, distributor, etc United Nations,
Date of publication, distribution, etc 1991.
300 ## - PHYSICAL DESCRIPTION
Extent x, 515 p. :
Other physical details ill. ;
Dimensions 30 cm.
500 ## - GENERAL NOTE
General note "ST/SG/AC.10/11/Rev.1."
500 ## - GENERAL NOTE
General note "United Nations publication, sales no.: E.90.VIII.1"--T.p. verso.
650 #0 - SUBJECT ADDED ENTRY--TOPICAL TERM
Topical term or geographic name as entry element Hazardous substances
General subdivision Transportation.
9 (RLIN) 17216
658 ## - INDEX TERM--CURRICULUM OBJECTIVE
Main curriculum objective Education.
906 ## - LOCAL DATA ELEMENT F, LDF (RLIN)
a 7
b cbc
c orignew
d 2
e ncip
f 19
g y-gencatlg
942 ## - ADDED ENTRY ELEMENTS (KOHA)
Source of classification or shelving scheme Dewey Decimal Classification
Item type Books
Holdings
Withdrawn status Lost status Source of classification or shelving scheme Damaged status Not for loan Collection code Home library Current library Shelving location Date acquired Source of acquisition Inventory number Total Checkouts Full call number Barcode Date last seen Copy number Price effective from Koha item type Public note
    Dewey Decimal Classification       Main Library Main Library   28/01/2008 Donation 18564   388 TRA bsu25060812 28/01/2014 001 28/01/2014 Books Material available in hard copy

© 2017 Bishop Stuart University Library. All Rights Reserved.
Kakoba Campus, Plot 150 Buremba Road | P.O. Box 9, Mbarara, UGANDA | Tel: +256-772-463068
Email: library@bsu.ac.ug